[Event "COL-chT 21st"]
[Site "Cartagena"]
[Date "2019.11.30"]
[Round "6.2"]
[White "Franco Valencia, Beatriz Irene"]
[Black "Herrera, Milena"]
[Result "1/2-1/2"]
[WhiteElo "2127"]
[BlackElo "2085"]
[PlyCount "112"]
[EventDate "2019.11.30"]
[EventType "team-swiss"]
[EventRounds "9"]
[EventCountry "COL"]
[SourceTitle "CBM 195 Extra"]
[Source "ChessBase"]
[SourceDate "2020.05.31"]
[SourceVersion "1"]
[SourceVersionDate "2020.05.31"]
[SourceQuality "1"]
[WhiteTeam "Bolivar"]
[BlackTeam "Antioquia"]
[WhiteTeamCountry "COL"]
[BlackTeamCountry "COL"]

1. d4 Nf6 2. Nf3 e6 3. e3 c5 4. Bd3 b6 5. 0-0 Bb7 6. Nbd2 Be7 7. b3 0-0 8. Bb2 Nc6 9. a3 a6 10. c4 cxd4 11. Nxd4 d5 12. Qe2 Qd7 13. cxd5 Nxd5 14. Nc4 b5 15. Nxc6 Qxc6 16. Na5 Qc7 17. Nxb7 Qxb7 18. Be4 Rad8 19. Qg4 g6 20. Bf3 f5 21. Qh3 Bf6 22. Bxf6 Rxf6 23. e4 fxe4 24. Bxe4 Qf7 25. Rad1 Rd7 26. Bxd5 Rxd5 27. Rxd5 exd5 28. Qd3 Kg7 29. Qd4 Kg8 30. Rd1 Rd6 31. Rc1 Qf6 32. Rc8+ Kg7 33. Rc7+ Kg8 34. Rc8+ Kg7 35. Qa7+ Kh6 36. Qe3+ g5 37. h4 Qa1+ 38. Kh2 Qf6 39. Rg8 Qf4+ 40. Qxf4 gxf4 41. Re8 d4 42. Re2 d3 43. Rd2 Kg6 44. g4 fxg3+ 45. Kxg3 Kf5 46. Kf3 Rd4 47. Ke3 Rxh4 48. Kxd3 Rh3+ 49. Kc2 Rh6 50. Kc3 Rc6+ 51. Kb4 h5 52. Rd5+ Kg4 53. f3+ Kh4 54. f4 Kg4 55. Rg5+ Kh4 56. Rd5 Kg4 1/2-1/2

[Event "COL-chT (Women)"]
[Site "Cartagena"]
[Date "2019.11.28"]
[Round "7.3"]
[White "Herrera, Milena"]
[Black "Gomez Saenz, Manuela"]
[Result "1-0"]
[WhiteElo "2038"]
[BlackElo "1593"]
[PlyCount "57"]
[EventDate "2019.11.24"]
[EventType "team-swiss"]
[EventRounds "7"]
[EventCountry "COL"]
[SourceTitle "CBM 193 Extra"]
[Source "ChessBase"]
[SourceDate "2020.01.31"]
[SourceVersion "1"]
[SourceVersionDate "2020.01.31"]
[SourceQuality "1"]
[WhiteTeam "Antioquia (W)"]
[BlackTeam "Caldas (W)"]
[WhiteTeamCountry "COL"]
[BlackTeamCountry "COL"]

1. c4 g6 2. g3 Bg7 3. Bg2 f5 4. d4 Nf6 5. Nc3 0-0 6. Bg5 d6 7. Nf3 Nc6 8. Bxf6 Bxf6 9. Qd2 e5 10. dxe5 Nxe5 11. Rd1 Kh8 12. b3 Bg7 13. h4 h6 14. Nxe5 Bxe5 15. Qxh6+ Kg8 16. Qxg6+ Kh8 17. Qh6+ Kg8 18. Bd5+ Rf7 19. Qg6+ Kh8 20. Bxf7 Bxc3+ 21. Kf1 Qf8 22. Rd3 Bb2 23. Re3 Bd7 24. Be6 Bc6 25. Bxf5 Qg7 26. Qh5+ Kg8 27. Be6+ Kf8 28. Bd5 Bxd5 29. Qxd5 1-0

[Event "COL-ch sf1"]
[Site "Medellin"]
[Date "2019.04.20"]
[Round "9"]
[White "Herrera, Milena"]
[Black "Sanchez Arroyave, Juan Pablo"]
[Result "1-0"]
[WhiteElo "2082"]
[BlackElo "1597"]
[PlyCount "71"]
[EventDate "2019.04.16"]
[EventType "swiss"]
[EventRounds "10"]
[EventCountry "COL"]
[SourceTitle "CBM 190 Extra"]
[Source "ChessBase"]
[SourceDate "2019.07.15"]
[SourceVersion "1"]
[SourceVersionDate "2019.07.15"]
[SourceQuality "1"]

1. c4 Nf6 2. g3 g6 3. Bg2 Bg7 4. Nf3 d6 5. Nc3 0-0 6. 0-0 c5 7. a3 a5 8. d3 Nc6 9. h3 Rb8 10. Nd2 Bd7 11. Kh2 Ne8 12. Rb1 Nc7 13. a4 h5 14. Nde4 Ne6 15. f4 Nc7 16. Bd2 Nb4 17. Nb5 Bc6 18. Bc3 f6 19. e3 b6 20. Bxb4 axb4 21. Nxf6+ Bxf6 22. Bxc6 Nxb5 23. axb5 e6 24. e4 Bd4 25. Qe2 Qf6 26. b3 Qg7 27. f5 exf5 28. exf5 Rf6 29. Bd5+ Kh8 30. fxg6 Qxg6 31. Rxf6 Bxf6 32. Rf1 Be5 33. Kh1 Bxg3 34. Be4 Re8 35. Rf8+ Kg7 36. Qb2+ 1-0

[Event "Medellin Flores op 25th"]
[Site "Medellin"]
[Date "2018.08.04"]
[Round "2"]
[White "Leon Acevedo, Juan Alejandro"]
[Black "Herrera, Milena"]
[Result "0-1"]
[WhiteElo "1768"]
[BlackElo "2059"]
[PlyCount "32"]
[EventDate "2018.08.03"]
[EventType "swiss"]
[EventRounds "9"]
[EventCountry "COL"]
[SourceTitle "CBM 185 Extra"]
[Source "ChessBase"]
[SourceDate "2018.07.29"]
[SourceVersion "1"]
[SourceVersionDate "2018.07.29"]
[SourceQuality "1"]

1. d4 Nf6 2. c4 c5 3. d5 e6 4. dxe6 fxe6 5. Nc3 d5 6. e3 a6 7. Nf3 Nc6 8. b3 Be7 9. Bb2 d4 10. exd4 cxd4 11. Ne2 Bb4+ 12. Nd2 Ne4 13. Bc1 Qf6 14. f3 d3 15. Ng1 Qh4+ 16. g3 Nxg3 0-1

[Event "Medellin Conconcreto op"]
[Site "Medellin"]
[Date "2018.01.26"]
[Round "3"]
[White "Escobar Medina, Andres F"]
[Black "Herrera, Milena"]
[Result "1-0"]
[WhiteElo "2316"]
[BlackElo "2061"]
[PlyCount "113"]
[EventDate "2018.01.24"]
[EventType "swiss"]
[EventRounds "7"]
[EventCountry "COL"]
[SourceTitle "CBM 182 Extra"]
[Source "ChessBase"]
[SourceDate "2018.02.23"]
[SourceVersion "1"]
[SourceVersionDate "2018.02.23"]
[SourceQuality "1"]

1. d4 Nf6 2. c4 c5 3. d5 e6 4. Nc3 exd5 5. cxd5 d6 6. g3 g6 7. Bg2 Bg7 8. Nf3 a6 9. a4 0-0 10. 0-0 Qe7 11. Bf4 Nbd7 12. Qc1 Re8 13. Re1 Ng4 14. a5 Rb8 15. Bg5 Bf6 16. Bxf6 Ndxf6 17. Rb1 b5 18. axb6 Rxb6 19. h3 Ne5 20. Nd2 g5 21. Nf1 h6 22. Qc2 Nh5 23. Ne3 Ng7 24. Rf1 f5 25. f4 Ng6 26. Nc4 Rb4 27. Na2 Rb8 28. e3 a5 29. Rfe1 Nh5 30. Qf2 Qc7 31. Nc3 Ba6 32. b3 gxf4 33. gxf4 Rb4 34. Bf1 Kh7 35. Bd3 Qg7 36. Na2 Ngxf4+ 37. Kh2 Nxd3 38. Qxf5+ Kh8 39. Rg1 Qh7 40. Qxh5 Rf8 41. Nxb4 Rf2+ 42. Rg2 Rxg2+ 43. Kxg2 Qe4+ 44. Qf3 Qxf3+ 45. Kxf3 Bxc4 46. Nxd3 Bxd3 47. Ra1 Bc2 48. Rxa5 Bxb3 49. e4 c4 50. Ra6 c3 51. Rxd6 c2 52. Rc6 Kg7 53. Ke3 Ba4 54. Rc4 Bb3 55. Rc3 Kf6 56. Kd2 Ba4 57. Rxc2 1-0

[Event "Medellin Flores op 24th"]
[Site "Medellin"]
[Date "2017.08.05"]
[Round "4"]
[White "Herrera, Milena"]
[Black "Mendoza, Rafael Enrique"]
[Result "0-1"]
[WhiteElo "2059"]
[BlackElo "2309"]
[PlyCount "58"]
[EventDate "2017.08.03"]
[EventType "swiss"]
[EventRounds "9"]
[EventCountry "COL"]
[SourceTitle "CBM 179 Extra"]
[Source "ChessBase"]
[SourceDate "2017.08.23"]
[SourceVersion "1"]
[SourceVersionDate "2017.08.23"]
[SourceQuality "1"]

1. e4 e5 2. Nc3 Nf6 3. f4 d5 4. fxe5 Nxe4 5. Nf3 Nc6 6. d4 Bg4 7. Bb5 Bb4 8. Qd3 0-0 9. 0-0 Bf5 10. Qe3 Bg6 11. Bd3 Bxc3 12. bxc3 Na5 13. Ba3 Re8 14. Bb4 Nc4 15. Bxc4 dxc4 16. Rfd1 a5 17. Ba3 Nf6 18. d5 Nxd5 19. Qc5 c6 20. Qxc4 Ne3 21. Rxd8 Nxc4 22. Rxa8 Rxa8 23. Bc5 Bxc2 24. Rc1 Be4 25. Re1 Bd5 26. Kf2 Re8 27. Rb1 b6 28. Bd6 f6 29. Re1 Bxf3 0-1

[Event "Medellin Easter op 7th"]
[Site "Medellin"]
[Date "2017.04.15"]
[Round "7"]
[White "Herrera, Milena"]
[Black "Cadavid, Juan Miguel"]
[Result "1-0"]
[WhiteElo "2052"]
[BlackElo "1889"]
[PlyCount "109"]
[EventDate "2017.04.12"]
[EventType "swiss"]
[EventRounds "8"]
[EventCountry "COL"]
[SourceTitle "CBM 177 Extra"]
[Source "ChessBase"]
[SourceDate "2017.04.27"]
[SourceVersion "1"]
[SourceVersionDate "2017.04.27"]
[SourceQuality "1"]

1. e4 c5 2. Nf3 e6 3. d3 Nc6 4. Nbd2 Nge7 5. g3 Ng6 6. Bg2 Be7 7. 0-0 0-0 8. Re1 Bf6 9. Nf1 d5 10. Qe2 Nge5 11. Nxe5 Bxe5 12. c3 d4 13. f4 Bf6 14. e5 Be7 15. c4 Bd7 16. Nd2 Nb4 17. Ne4 Bc6 18. a3 Bxe4 19. Bxe4 Nc6 20. Qh5 g6 21. Qg4 Rc8 22. Bd2 a6 23. h4 h5 24. Qf3 Kg7 25. Kg2 Na5 26. Bxa5 Qxa5 27. Bxb7 Rb8 28. Re2 Qb6 29. Be4 Qc7 30. Rd2 Rb3 31. Qf2 Rfb8 32. Bf3 a5 33. Bd1 Qb7+ 34. Bf3 Qa7 35. Bc6 a4 36. Bb5 Bd8 37. Rad1 Ba5 38. Re2 R8xb5 39. cxb5 Qb7+ 40. Kh2 Qxb5 41. Rc2 Bb6 42. Qe2 Ba7 43. Rdd2 Qb7 44. Rc4 Qa6 45. Kh3 Qc6 46. Qg2 Qa6 47. Qe4 Qb5 48. Rcc2 Qa6 49. g4 c4 50. gxh5 cxd3 51. Rc1 Bb6 52. hxg6 Ba5 53. gxf7 Bxd2 54. Rg1+ Kxf7 55. Qh7+ 1-0